An Intoduction to applying social work theories and methods / (Record no. 10441)

MARC details
000 -LEADER
fixed length control field 00631nam a22002052 4500
001 - CONTROL NUMBER
control field 0000024966
005 - DATE AND TIME OF LATEST TRANSACTION
control field 20151217152308.0
008 - FIXED-LENGTH DATA ELEMENTS--GENERAL INFORMATION
fixed length control field 140402s xx 000 0 eng d
020 ## - INTERNATIONAL STANDARD BOOK NUMBER
International Standard Book Number 0335237784 :
040 ## - CATALOGING SOURCE
Original cataloging agency KABU
Transcribing agency KABU
100 1# - MAIN ENTRY--PERSONAL NAME
Personal name Teater, Barbra.
-- 0000185320
245 13 - TITLE STATEMENT
Title An Intoduction to applying social work theories and methods /
Statement of responsibility, etc. Barbra Teater.
250 ## - EDITION STATEMENT
Edition statement 1st ed.
260 ## - PUBLICATION, DISTRIBUTION, ETC. (IMPRINT)
Place of publication, distribution, etc. Maidenhead, England :
Name of publisher, distributor, etc. Open University Press,
Date of publication, distribution, etc. 2010.
300 ## - PHYSICAL DESCRIPTION
Extent xv, 218 p.
650 #0 - SUBJECT ADDED ENTRY--TOPICAL TERM
Topical term or geographic name as entry element Social service.
-- 0000168021
852 1# - LOCATION
-- p2995 KES
908 ## - PUT COMMAND PARAMETER (RLIN)
Put command parameter 140402
950 ## - LOCAL HOLDINGS (RLIN)
-- 1
Holdings
Withdrawn status Lost status Source of classification or shelving scheme Not for loan Home library Current library Date acquired Total Checkouts Full call number Barcode Date last seen Price effective from Koha item type
    Library of Congress Classification   Kabarak, Main Campus Kabarak, Main Campus 17/12/2015   HV11 .T43 2010 c. 1 017870 17/12/2015 17/12/2015 General Collection
Designed with assistance from East African Informatics Ltd